|
|
|
|
| LEADER |
02212nam a2200349 a 4500 |
| 001 |
GR-Antirio900 |
| 008 |
140307s2003 gr g 000 0 gre d |
| 020 |
|
|
|a 9602183039
|
| 040 |
|
|
|a GrPaTEI
|b gre
|c GR-PaULI
|
| 040 |
|
|
|a GrPaTEI
|b gre
|c GR-PaULI
|
| 082 |
|
0 |
|a 302.2
|2 21
|
| 100 |
1 |
|
|a Καϊτατζη-Γουίτλοκ, Σοφία
|
| 245 |
1 |
2 |
|a Η επικράτεια των πληροφοριών /
|c Σοφία Καϊτατζή-Γουίτλοκ.
|
| 260 |
|
|
|a Αθήνα :
|b Κριτική,
|c 2003
|
| 300 |
|
|
|a 444 σ.
|
| 490 |
0 |
|
|a Επιστημονική Βιβλιοθήκη
|
| 500 |
|
|
|a Σύστημα "ΕΥΔΟΞΟΣ" : αρ. εισ. 9210, 9211, 9212
|
| 500 |
|
|
|a Τμήμα Μηχανικών Πληροφορικής Τ.Ε. (Αντίρριο)
|
| 504 |
|
|
|a Βιβλιογραφία: σ. [426]-441
|
| 610 |
|
4 |
|a Σύστημα ΕΥΔΟΞΟΣ
|
| 610 |
2 |
4 |
|a Τμήμα Μηχανικών Πληροφορικής Τ.Ε. (Αντίρριο)
|
| 650 |
|
4 |
|a Επικοινωνία
|x Κοινωνικές απόψεις
|
| 650 |
|
4 |
|a Κοινωνία της πληροφόρησης
|
| 650 |
|
4 |
|a Μέσα μαζικής ενημέρωσης
|x Κοινωνικές απόψεις
|
| 710 |
0 |
|
|a Κριτική
|
| 942 |
|
|
|2 ddc
|
| 952 |
|
|
|0 0
|1 0
|2 ddc
|4 0
|6 302_200000000000000_ΚΑΙ
|7 0
|9 262397
|a LISK-2
|b LISK-2
|c EUD
|d 2021-01-17
|e 24
|f 0
|g 0.00
|l 0
|o 302.2 ΚΑΙ
|p 2430000009210
|r 2021-01-17 00:00:00
|t 1
|w 2021-01-17
|y BK15
|x 20140307 0 ΧΑΣΑΝΗ 1
|x GrPaTEI - Antirrio
|
| 952 |
|
|
|0 0
|1 0
|2 ddc
|4 0
|6 302_200000000000000_ΚΑΙ
|7 0
|9 262398
|a LISK-2
|b LISK-2
|c EUD
|d 2021-01-17
|e 24
|f 0
|g 0.00
|l 0
|o 302.2 ΚΑΙ
|p 2430000009211
|r 2021-01-17 00:00:00
|t 1
|w 2021-01-17
|y BK15
|x 20140307 0 ΧΑΣΑΝΗ 1
|x GrPaTEI - Antirrio
|
| 952 |
|
|
|0 0
|1 0
|2 ddc
|4 0
|6 302_200000000000000_ΚΑΙ
|7 0
|9 262399
|a LISK-2
|b LISK-2
|c EUD
|d 2021-01-17
|e 24
|f 0
|g 0.00
|l 0
|o 302.2 ΚΑΙ
|p 2430000009212
|r 2021-01-17 00:00:00
|t 1
|w 2021-01-17
|y BK15
|x 20140307 0 ΧΑΣΑΝΗ 1
|x GrPaTEI - Antirrio
|
| 952 |
|
|
|0 0
|1 0
|2 ddc
|4 0
|6 302_200000000000000_ΚΑΙ
|7 0
|9 320958
|a MSLG
|b MSLG
|c BSC
|d 2021-01-23
|e 24
|f 0
|g 0.00
|l 0
|o 302.2 ΚΑΙ
|p 2420000021527
|r 2021-01-23 00:00:00
|t 1
|w 2021-01-23
|y BK15
|x 20070322 0 1
|x GrPaTEI
|
| 971 |
|
|
|a .b25706998
|b 16-04-20
|c 12-09-16
|
| 999 |
|
|
|c 151308
|d 151308
|